Loading...
| Science - Biology | 0 | 7 | 0 | 1 | 70 | 62 | 81.00 | 1 | 6 | 17.17 | 43.64 |
| Science - Physics | 0 | 5 | 0 | 1 | 50 | 61 | 90.00 | 0 | 3 | 11.21 | 23.33 |
| Philosophy | 0 | 4 | 0 | 1 | 40 | 73 | 93.00 | 1 | 2 | 9.36 | 20.00 |
| Science - Other | 0 | 4 | 1 | 1 | 35 | 28 | 72.75 | 3 | 3 | 12.87 | 28.79 |
| History - American | 0 | 3 | 0 | 1 | 30 | 42 | 74.00 | 2 | 2 | 11.27 | 21.21 |
| Literature - European | 0 | 3 | 0 | 0 | 30 | 55 | 87.33 | 1 | 3 | 10.74 | 18.18 |
| Literature - World | 0 | 3 | 0 | 2 | 30 | 107 | 118.33 | 0 | 0 | 3.14 | 6.06 |
| Social Science | 0 | 3 | 1 | 0 | 25 | 58 | 89.00 | 1 | 3 | 6.43 | 22.73 |
| Science - Chemistry | 0 | 3 | 1 | 0 | 25 | 61 | 78.00 | 1 | 2 | 9.16 | 19.70 |
| History - World | 0 | 2 | 0 | 1 | 20 | 91 | 116.50 | 2 | 2 | 2.14 | 12.12 |
| Literature - British | 0 | 2 | 0 | 0 | 20 | 106 | 114.50 | 0 | 1 | 4.54 | 8.48 |
| Religion | 0 | 2 | 1 | 0 | 15 | 92 | 93.50 | 1 | 2 | 2.51 | 11.52 |
| Fine Arts - Other | 0 | 1 | 0 | 0 | 10 | 87 | 87.00 | 0 | 1 | 2.96 | 7.58 |
| Current Events | 0 | 1 | 0 | 0 | 10 | 24 | 24.00 | 1 | 1 | 40.63 | 50.00 |
| Literature - American | 0 | 1 | 0 | 0 | 10 | 84 | 84.00 | 1 | 1 | 3.43 | 9.09 |
| Geography | 0 | 1 | 0 | 0 | 10 | 54 | 54.00 | 1 | 1 | 29.07 | 41.67 |
| History - European | 0 | 0 | 1 | 0 | -5 | 0.00 | 0 | 0 | 0.00 | 0.00 |